Zdaňovanie nehnuteľností v praxi

Salvato in:
Dettagli Bibliografici
Autore principale: Bubeníková, Irena
Natura: Libro
Lingua:slovacco
Pubblicazione: Bratislava EPOS 1996
Edizione:1. vyd.
Soggetti:
Tags: Aggiungi Tag
Nessun Tag, puoi essere il primo ad aggiungerne!!

MARC

LEADER 00000nam a2200000 4500
001 c019263
005 20221128074800.1
020 |a 80-88810-49-3 
041 0 |a slo 
044 |a SK 
245 1 0 |a Zdaňovanie nehnuteľností v praxi  |c Irena Bubeníková 
250 |a 1. vyd. 
264 1 |a Bratislava  |b EPOS  |c 1996 
300 |a 192 s. 
610 2 0 |a nehnuteľnosti 
610 2 0 |a dane z nehnuteľností 
610 2 0 |a komentáre 
610 2 0 |a zákony 
610 2 0 |a Slovensko 
610 2 0 |a vyhlášky 
100 1 |a Bubeníková, Irena